LEADER 01010nam a2200265 i 4500 001 000000044644 003 CaOOAMICUS 005 20081223000000.0 008 081223s1995 it u000 u ita u 013 $a15814 020 $a88-401-2056-4 040 $aSeMil$bita 100 1 $aMiccoli, Paolo.$0(OLS)http://semarc/name/22238 245 10$aCorso di estetica /$cPaolo Miccoli. 260 $aRoma :$bUrbaniana University Press,$c1995. 300 $a213 p. :$bill. ;$c22 cm. 490 0 $aSubsidia Urbaniana ;$v56 650 4$aEstetica.$0(OLS)http://semarc/subject/618 830 0$aSubsidia Urbaniana ;$v56.$0(OLS)http://semarc/title/8057 850 $aSeMil 852 $aSeMil$W1$xVenegono$y1$m2P IV 532$j10799$B10799$CSeMilBibl$Z2$F10799 $81 961 $aAcquisto: Distributore 996 $6020$a88-401-2056-4$9(OLS)http://semarc/number/16576 996 $6245$aCorso di estetica$9(OLS)http://semarc/title/66106 996 $6260$aRoma :$bUrbaniana University Press$9(OLS)http://semarc/publisher/30426 LEADER 01197nam a2200253 i 4500 001 000000126129 003 CaOOAMICUS 005 20090209000000.0 008 090209s2008 it u000 u ita u 013 $a98831 020 $a88-7442-610-2 040 $aSeMil$bita 100 1 $aCiarocchi, Valerio <1975- >.$0(OLS)http://semarc/name/44063 245 10$aMusicam sacram :$bstudio dell'Istruzione nel quarantennio della promulgazione /$cValerio Ciarocchi. 260 $aMessina :$bArmando Siciliano,$c2008. 300 $a127 p. ;$c22 cm. 650 4$aMusica sacra - Liturgia.$0(OLS)http://semarc/subject/15970 650 4$aSacre Congregazioni - Congregazione dei riti - Istruzioni . De musica sacra et sacra liturgia.$0(OLS)http://semarc/subject/24588 850 $aSeMil 852 $aSeMil$W1$xVenegono$y1$m3Q IV 24$j80522$B80522$CSeMilBibl$Z2$F118622 $81 961 $aOmaggio per recensione: Scuola Cattolica 996 $6020$a88-7442-610-2$9(OLS)http://semarc/number/112214 996 $6245$aMusicam sacram :$bstudio dell'Istruzione nel quarantennio della promulgazione$9(OLS)http://semarc/title/185858 996 $6260$aMessina :$bArmando Siciliano$9(OLS)http://semarc/publisher/42952